Essays old and new
Gespeichert in:
| 1. Verfasser: | |
|---|---|
| Format: | Buch |
| Sprache: | Undetermined |
| Veröffentlicht: |
New York, Estados Unidos
Harcourt, Brace and Co.
1944
|
| Schlagworte: | |
| Tags: |
Tag hinzufügen
Keine Tags, Fügen Sie den ersten Tag hinzu!
|
MARC
| LEADER | 00000nam a2200000Ia 4500 | ||
|---|---|---|---|
| 008 | 170316s9999 xx 000 0 und d | ||
| 090 | |a 810 CH-2e | ||
| 100 | |a Chamberlain, Essie | ||
| 245 | |a Essays old and new | ||
| 260 | |a New York, Estados Unidos | ||
| 260 | |b Harcourt, Brace and Co. | ||
| 260 | |c 1944 | ||
| 300 | |a 459 páginas | ||
| 650 | |a LITERATURA ESTADOUNIDENSE | ||
| 999 | |c 20933 |d 20933 | ||
| 040 | |a cru BVZT | ||
| 942 | |c 15 D |h 810 CH-2e |2 z | ||
